| 000 | 00740nam a2200241 i 4500 | ||
|---|---|---|---|
| 003 | DO-SdBNP | ||
| 005 | 20240910095647.0 | ||
| 007 | ta | ||
| 008 | 240910s1978 cu ac 000 j spa d | ||
| 040 |
_aDO-SdBNP _bspa _cBNPHU _erda |
||
| 082 |
_bG633R _222 |
||
| 245 | 1 | 0 |
_aMáximo Gómez / _ccompilación Armando Rodríguez |
| 264 | 1 |
_aSantiago de Cuba : _bEditorial Oriente, _c1978. |
|
| 300 |
_a56 páginas, _bilustraciones, retratos _c18 cm. |
||
| 336 |
_2rdacontent _atexto _btxt |
||
| 337 |
_2rdamedia _asin mediación _bn |
||
| 338 |
_2rdacarrier _avolumen _bnc |
||
| 504 | _aBibliografía p: 56. | ||
| 590 | _aInventariado, 2024/ YL | ||
| 700 | 1 |
_aRodríguez, Armando _ecompilador _986540 |
|
| 910 | _aYLockward | ||
| 942 |
_2ddc _cLBS1 |
||
| 999 |
_c57663 _d57663 |
||